=LDR 00000nam 2200000 4500 =001 INLIS000000000003450 =005 20250312113615 =035 ##$$a 0010-0325000166 =007 ta =008 250312################g##########e#ind## =082 ##$$a 612.6 =084 ##$$a 612.6 DIR m =245 1#$$a Menstruasi dan Keputihan /$c BKKBN =260 ##$$a Jakarta :$b BKKBN,$c 2010 =300 ##$$a 11 halm : $b - ; $c 15 cm =650 #4$$a Kleluarga Berencana =110 #$$a Direktorat Advokasi dan Komunikasi Informasi, Edukasi =520 ##$$a Berisi tentang penjelasan mengenai menstruasi dan keputihan =856 ##$$a Perpustakaan UPT Balai Diklat KKB Jember